Australian economic progress (Record no. 475050)

MARC details
000 -LEADER
fixed length control field 00737nam a2200241Ia 4500
003 - CONTROL NUMBER IDENTIFIER
control field OSt
005 - DATE AND TIME OF LATEST TRANSACTION
control field 20220925164413.0
008 - FIXED-LENGTH DATA ELEMENTS--GENERAL INFORMATION
fixed length control field 220923b |||||||| |||| 00| 0 eng d
037 ## - SOURCE OF ACQUISITION
Terms of availability General Book
040 ## - CATALOGING SOURCE
Original cataloging agency RTL
Transcribing agency RTL
Language of cataloging eng
041 ## - LANGUAGE CODE
Source of code eng
Language code of text/sound track or separate title eng
100 ## - MAIN ENTRY--PERSONAL NAME
Personal name Clark Colin
9 (RLIN) 122958
245 #0 - TITLE STATEMENT
Title Australian economic progress
Remainder of title Against a world back
260 ## - PUBLICATION, DISTRIBUTION, ETC.
Place of publication, distribution, etc. Adelaide
Name of publisher, distributor, etc. Bassell Press
Date of publication, distribution, etc. 1938
300 ## - PHYSICAL DESCRIPTION
Extent 31p
Dimensions cm.
490 ## - SERIES STATEMENT
Series statement University of Adelaide, the Joseph Fisher Lecture in Commerce. 1938
650 ## - SUBJECT ADDED ENTRY--TOPICAL TERM
Topical term or geographic name entry element Economic Conditions Latin America
9 (RLIN) 230023
942 ## - ADDED ENTRY ELEMENTS (KOHA)
Classification part X.8.N5, G8
Koha item type General Books
Source of classification or shelving scheme Colon Classification (CC)
Holdings
Withdrawn status Lost status Damaged status Not for loan Home library Current library Date acquired Total Checkouts Full call number Barcode Date last seen Price effective from Koha item type
        Ratan Tata Library Ratan Tata Library 2022-09-25   X.8.N5 G8 RT0020771 2022-09-25 2022-09-25 General Books
Copyright @ Delhi University Library System